Aprendizaje y memoria a lo largo de la historia
Αποθηκεύτηκε σε:
| Κύριος συγγραφέας: | |
|---|---|
| Μορφή: | Βιβλίο |
| Γλώσσα: | Ισπανικά |
| Έκδοση: |
Madrid
Visor
1994
|
| Σειρά: | Colección Aprendizaje, 105
|
| Θέματα: | |
| Ετικέτες: |
Προσθήκη ετικέτας
Δεν υπάρχουν, Καταχωρήστε ετικέτα πρώτοι!
|
MARC
| LEADER | 00000nam a2200000 a 4500 | ||
|---|---|---|---|
| 001 | UCO9422 | ||
| 003 | CL-VaPUC | ||
| 008 | 010302e19940000SP |||||||||||||||||spa|d | ||
| 082 | 0 | 4 | |a 370.152 |b SEB |2 21 |
| 100 | 0 | |a Sebastián, María Victoria |e author |9 454550 | |
| 245 | 1 | 0 | |a Aprendizaje y memoria a lo largo de la historia |
| 300 | |a 199 p | ||
| 942 | |c BK | ||
| 945 | |d 20010302 00:00:00 |a vberengu | ||
| 260 | |a Madrid |b Visor |c 1994 | ||
| 650 | 0 | |a Procesos mentales superiores |9 330839 | |
| 650 | 0 | |a Procesos de aprendizaje |9 309161 | |
| 583 | |a last modification |c 20010302 00:00:00 |k Rodrigo Vera | ||
| 490 | 0 | |a Colección Aprendizaje, 105 | |
| 999 | |c 293632 |d 293630 | ||
| 952 | |0 0 |1 0 |4 0 |6 370_152000000000000_SEB_1994 |7 0 |8 A |9 345307 |a FDOPOS |b FDOPOS |d 2019-11-20 |i 3691616 |o 370.152 SEB 1994 |p 3691616 |r 2025-01-22 |w 2019-11-20 |y BK |k MLA | ||